000 00384nam a22001457a 4500
999 _c2281
_d2281
008 200219b ||||| |||| 00| 0 eng d
082 0 0 _a621.31
_bL985
100 _91859
_aLyle, A. G.
245 1 0 _aMajor faults on power systems
_cby A G Lyle
260 _aLondon
_bChapman & Hall
_c1952
300 _axvi,355p.
365 _d36.09
650 0 _aElectric Power Distribution
942 _cBK